| 000 | 00813nas a2200265 4500 | ||
|---|---|---|---|
| 001 | BR0404102 | ||
| 003 | BR-BrBNA | ||
| 005 | 20231205104818.0 | ||
| 007 | ta | ||
| 008 | 230509b bl.|||p| |||| 00| 00por d | ||
| 040 |
_aBR-BrBNA _bpor _cBiblioteca Nacional de Agricultura |
||
| 041 | _a(Pt) | ||
| 072 | _aF02 | ||
| 100 | 1 | _aBezerra, A.M.E. | |
| 100 | 1 | _aAlves, T.T.L. | |
| 100 | 1 | _aMoreira, F.J.C. | |
| 100 | 1 | _aInnecco, R. | |
| 245 | 1 | _aDeterminação da época ideal de coleta de estacas caulinares de macela para propagação vegetativa | |
| 650 | _aMACELA | ||
| 650 | _aPROPAGAÇÃO VEGETATIVA | ||
| 650 | _aESTACA | ||
| 773 | 0 |
_tRevista Ciência Agronômica (Brazil) _xISSN 0045-6888 _g(2003), v. 34(2) p. 187-192 _wBR0404102 |
|
| 909 |
_a202311 _bLúcia _c55 _dLúcia Elande |
||
| 942 |
_2AGRIS _n0 _cANA |
||
| 999 |
_c179787 _d179787 |
||